000 00534nam a2200193 4500
001 117912
003 ES-MaACL
005 20230906191008.0
007 t|
008 070214q1956 sp r ||||1| spa d
100 1 _aPereña, Luciano.
_990516
245 1 0 _aBien común y paz dinámica /
_cLuciano Pereña.
260 _aMadrid :
_bEuramerica,
_c[1956?]
300 _a117 p. ;
_c18 cm.
490 1 _aBien común ;
_v7
830 0 _aBien común ;
_v7
_9183448
852 _aES-MaACL
_jC-11100
_bR.39405
999 _c117912
_d117912